000 002530000a22000970004500
100 1 _aOlson, Warwick
245 1 0 _aLetting the world know about Lausanne
300 _aVol. 13, Núm 49 (1987), Páginas 12-13
773 0 _tWorld Evangelization
942 _cANA
999 _c58112
_d58112